[Event "Ojinaga Perla del Desierto op"]
[Site "Ojinaga"]
[Date "2023.10.26"]
[Round "2"]
[White "Zubia Portillo, Manuel Alejandro"]
[Black "Delgado Ramirez, Neuris"]
[Result "0-1"]
[WhiteElo "1913"]
[BlackElo "2528"]
[PlyCount "164"]
[EventDate "2023.10.26"]
[EventType "swiss"]
[EventRounds "7"]
[EventCountry "MEX"]
[SourceTitle "Mega2024 Update 01"]
[Source "Chessbase"]
[SourceDate "2023.11.12"]
[SourceVersion "1"]
[SourceVersionDate "2023.11.12"]
[SourceQuality "1"]

1. Nf3 d5 2. g3 Nc6 3. d4 Bf5 4. Bg2 Qd7 5. 0-0 Bh3 6. Re1 Bxg2 7. Kxg2 0-0-0 8. c3 f6 9. b4 e5 10. b5 e4 11. bxc6 exf3+ 12. Kxf3 Qxc6 13. Kg2 h5 14. h4 Bd6 15. Qd3 Ne7 16. Nd2 g5 17. Nf3 g4 18. Nd2 f5 19. e3 Rdf8 20. Rb1 Kd7 21. Qb5 Qxb5 22. Rxb5 Kc6 23. Rb3 b5 24. Ba3 Nc8 25. Reb1 a6 26. Bb4 Nb6 27. Ra3 Ra8 28. Nb3 Rhc8 29. Na5+ Kd7 30. Rab3 Na4 31. Rd1 Rab8 32. Rd3 Ke6 33. Rb1 Nb6 34. Nb3 Nc4 35. Nc1 a5 36. Bxd6 Kxd6 37. Ne2 Rh8 38. Nf4 Rh6 39. Rdd1 c6 40. Kg1 Rh7 41. Kf1 Rb6 42. Ke2 b4 43. Rdc1 Rb5 44. Rb3 bxc3 45. Rcxc3 a4 46. Rxb5 cxb5 47. Rc1 b4 48. Rb1 Rb7 49. Nxh5 b3 50. axb3 a3 51. Kd1 Rxb3 52. Kc2 a2 53. Ra1 Rb2+ 54. Kc3 Rxf2 55. Kb3 Rb2+ 56. Kc3 Re2 57. Kb3 Rxe3+ 58. Kxa2 Ra3+ 59. Kb1 Nd2+ 60. Kb2 Rxa1 61. Kxa1 Nb3+ 62. Kb2 Nxd4 63. Nf4 Ke5 64. h5 Ne6 65. Ng2 Kf6 66. Ne3 d4 67. Nd5+ Kg5 68. Ne7 Ng7 69. h6 Kxh6 70. Kc2 Kg5 71. Kd3 Nh5 72. Kxd4 Nxg3 73. Ke3 f4+ 74. Kf2 Ne4+ 75. Kg1 f3 76. Nd5 g3 77. Ne3 Nd2 78. Kh1 Kf4 79. Nd5+ Ke5 80. Ne3 Ke4 81. Nd1 Kd3 82. Kg1 Nc4 0-1